Normal view
MARC view
Entry Término temático
001 - NÚMERO DE CONTROL
- campo de control: 88571
003 - IDENTIFICADOR DEL NÚMERO DE CONTROL
- campo de control: DO-SdBNP
005 - FECHA Y HORA DE LA ÚLTIMA TRANSACCIÓN
- campo de control: 20250903141859.0
008 - DATOS DE LONGITUD FIJA
- campo de control de longitud fija: 250903|| aca||aabn | a|a d
040 ## - FUENTE DE LA CATALOGACIÓN
- Centro catalogador/agencia de origen: DO-SdBNP
- Centro/agencia transcriptor: DO-SdBNP
150 ## - ENCABEZAMIENTO--TÉRMINO DE MATERIA
- Término de materia o nombre geográfico como elemento de entrada: Autores dominicanos
- Subdivisión general: Pensamiento político y social
670 ## - FUENTE DE DATOS ENCONTRADOS
- Cita de la fuente: Work cat.: (DO-SdBNP)24789: Franco, Franklin J., 1936- 34417, El pensamiento Dominicano :, 2001.
